000 00864cam a22003015i 4500
001 22261461
003 JO-AjAnu
005 20231127113321.0
008 211004s2021 nju 000 0 eng
010 _a 2021948290
020 _a9780137613663
_q(paperback)
020 _z9780137613762
_q(ebook)
020 _z9780137613779
_q(ebook)
040 _aDLC
_beng
_erda
_cDLC
042 _apcc
100 1 _aWinston, Wayne,
_eauthor.
245 1 0 _aMicrosoft Excel 365 data analysis and business modeling /
_cWayne Winston.
250 _a7.
263 _a2112
264 1 _aHoboken :
_bMicrosoft Press,
_c2021.
300 _apages cm
336 _atext
_btxt
_2rdacontent
337 _aunmediated
_bn
_2rdamedia
338 _avolume
_bnc
_2rdacarrier
906 _a0
_bibc
_corignew
_d2
_eepcn
_f20
_gy-gencatlg
942 _2lcc
_cBK
_n0
999 _c33169
_d33169